|
|
|
|
| LEADER |
00000nam a2200000 a 4500 |
| 001 |
vtls008943977 |
| 003 |
SK-MaSNL |
| 005 |
20260302075624.0 |
| 008 |
240313s2006 xo l f p 000 0 slo |
| 015 |
|
|
|a SNBA2007/05-01975
|
| 020 |
|
|
|a 8022725110
|q (brož.)
|
| 035 |
|
|
|a 9C8EB5ED-34CB-4FAD-9016-999DF23C541C
|
| 035 |
|
|
|a urn:nbn:sk:snk-aml96w
|
| 035 |
|
|
|a urn:nbn:sk:snk-am008ru8
|
| 040 |
|
|
|a SNK
|b slo
|c SNK
|e AACR2
|
| 041 |
0 |
|
|a slo
|
| 044 |
|
|
|a xo
|c SK
|
| 072 |
|
7 |
|a 658
|x Riadenie a správa podniku
|2 konspekt
|
| 080 |
|
|
|a 005.95/.96
|2 2001
|
| 080 |
|
|
|a 658
|2 2001
|
| 080 |
|
|
|a (07)
|2 2001
|
| 100 |
1 |
|
|a Kalinová, Gabriela
|4 aut
|9 15398
|
| 245 |
1 |
0 |
|a Personálne riadenie v podniku
|b [... Projektu číslo JPD 3 2004/4-051 kód projektu 13120200051 : program vzdelávania postgraduálnych študentov ako podpora ich prípravy na podnikanie]
|c Gabriela Kalinová
|
| 250 |
|
|
|a 1. vyd.
|
| 260 |
|
|
|a V Bratislave
|b Slovenská technická univerzita
|c 2006
|
| 300 |
|
|
|a 150 s.
|b sch., tab.
|c 21 cm
|
| 366 |
|
|
|e 100 výtl.
|
| 504 |
|
|
|a Bibliogr. s. 150
|
| 650 |
0 |
7 |
|a personálny manažment
|2 SNKPH
|9 936
|
| 650 |
0 |
7 |
|a Personnel management
|2 SNKPHeng
|9 265622
|
| 650 |
0 |
7 |
|a podnikový manažment
|2 SNKPH
|9 3483
|
| 650 |
0 |
7 |
|a Industrial management
|2 SNKPHeng
|9 265455
|
| 655 |
|
7 |
|a učebné texty
|2 SNKPH
|9 70568
|
| 655 |
|
7 |
|a Educational texts
|2 SNKPHeng
|9 277375
|
| 752 |
|
|
|a Slovensko
|d Bratislava
|
| 919 |
|
|
|a 80-227-2511-0
|
| 958 |
|
|
|a NB
|
| 958 |
|
|
|a OND
|
| 968 |
|
|
|d 0
|
| 999 |
|
|
|c 1169941
|d 1171871
|
| 952 |
|
|
|a SNK
|b SNK
|y VYP
|7 0
|p 17A0539378
|o snkSC 126621 D1
|i snk2007/3722
|8 0
|0 0
|1 0
|4 0
|d 2007-02-08
|l 0
|r 2026-02-24 21:00:51
|w 2026-02-24
|
| 952 |
|
|
|a SNK
|b SNK
|y PREZ
|7 0
|p 17A0539379
|o snkSC 126621
|i snk2007/3721
|8 0
|0 0
|1 0
|4 0
|d 2007-02-08
|f 1
|l 0
|r 2025-06-16 00:00:00
|w 2026-02-24
|